Thierry Hoquet, Histoire (dé)coloniale de la philosophie française. De la Renaissance à nos jours. Presses universitaires de France, 2025, 336 pages, €23. (notice n° 1531983)
[ vue normale ]
| 000 -LEADER | |
|---|---|
| fixed length control field | 00565cam a2200145 4500500 |
| 005 - DATE AND TIME OF LATEST TRANSACTION | |
| control field | 20251012015102.0 |
| 041 ## - LANGUAGE CODE | |
| Language code of text/sound track or separate title | fre |
| 042 ## - AUTHENTICATION CODE | |
| Authentication code | dc |
| 100 10 - MAIN ENTRY--PERSONAL NAME | |
| Personal name | Cordemoy, Laurent |
| Relator term | author |
| 245 00 - TITLE STATEMENT | |
| Title | Thierry Hoquet, Histoire (dé)coloniale de la philosophie française. De la Renaissance à nos jours. Presses universitaires de France, 2025, 336 pages, €23. |
| 260 ## - PUBLICATION, DISTRIBUTION, ETC. | |
| Date of publication, distribution, etc. | 2025.<br/> |
| 500 ## - GENERAL NOTE | |
| General note | 3 |
| 786 0# - DATA SOURCE ENTRY | |
| Note | Études | - | 9 | 2025-09-01 | p. 135a-136 | 0014-1941 |
| 856 41 - ELECTRONIC LOCATION AND ACCESS | |
| Uniform Resource Identifier | <a href="https://shs.cairn.info/journal-etudes-2025-9-page-135a?lang=en&redirect-ssocas=7080">https://shs.cairn.info/journal-etudes-2025-9-page-135a?lang=en&redirect-ssocas=7080</a> |
Pas d'exemplaire disponible.




Réseaux sociaux